[Event "FIDE Women's Grand Swiss"]
[Site "Samarkand UZB"]
[Date "2025.09.15"]
[Round "11.25"]
[White "Nassr, Lina"]
[Black "Manko, Mariia"]
[Result "0-1"]
[WhiteTitle "WIM"]
[BlackTitle "WIM"]
[WhiteElo "2060"]
[BlackElo "2313"]
[WhiteFideId "7908075"]
[BlackFideId "14199220"]
[EventDate "2025.09.04"]

1. e4 c5 2. Nf3 Nc6 3. Bb5 g6 4. Bxc6 dxc6 5. O-O Bg7 6. d3 a5 7. a4 b6 8. Re1
e5 9. Nbd2 Qc7 10. Nc4 Be6 11. b3 Ne7 12. Ng5 Bxc4 13. bxc4 O-O 14. Rb1 h6 15.
Nf3 Kh7 16. Bb2 Rae8 17. Bc3 Nc8 18. Qc1 Re6 19. Qb2 Rfe8 20. Nh4 Bf6 21. Nf3
Bd8 22. Re2 Qe7 23. Rbe1 Bc7 24. h3 Nd6 25. Ra1 f6 26. g3 Nf7 27. Nh4 Ng5 28.
Kg2 Qd7 29. Bd2 R6e7 30. Bxg5 fxg5 31. Nf3 g4 32. hxg4 Qxg4 33. Qc1 Rf7 34. Qe3
Ref8 35. Nh2 Qe6 36. Rh1 Kg7 37. Nf1 h5 38. Nh2 Bd8 39. Rf1 Qd6 40. f3 Be7 41.
Ref2 g5 42. Rb1 Bd8 43. Qd2 Qg6 44. Rbf1 Bc7 45. Rh1 Kg8 46. Qe2 Bd8 47. Rg1 Rf6
48. Rh1 R8f7 49. Rg1 Kf8 50. c3 Bc7 51. Rd1 Ke8 52. Rd2 g4 53. Qe1 gxf3+ 54.
Rxf3 h4 55. Rxf6 Rxf6 56. g4 Qg5 57. Rf2 h3+ 58. Kxh3 Rh6+ 59. Kg3 Qh4+ 60. Kf3
Bd8 61. Ke2 Bg5 62. Qg1 Bf4 63. Nf3 Qe7 64. g5 Rg6 65. Rg2 b5 66. cxb5 cxb5 67.
axb5 c4 68. dxc4 Qb7 69. Qb1 Qb6 70. Qg1 Qb7 71. Qb1 Qc7 72. Nd2 Rd6 73. Kd1
Qxc4 74. Kc2 Bxd2 75. b6 Qxe4+ 0-1

[Event "FIDE Women's Grand Swiss"]
[Site "Samarkand UZB"]
[Date "2025.09.15"]
[Round "11.26"]
[White "Khalilova, Madinabonu"]
[Black "Kulon, Klaudia"]
[Result "1/2-1/2"]
[WhiteTitle "WCM"]
[BlackTitle "IM"]
[WhiteElo "2148"]
[BlackElo "2361"]
[WhiteFideId "14223422"]
[BlackFideId "1131044"]
[EventDate "2025.09.04"]

1. d4 Nf6 2. c4 Nc6 3. Nf3 e6 4. g3 Bb4+ 5. Bd2 Bxd2+ 6. Qxd2 Qe7 7. Nc3 d5 8.
cxd5 exd5 9. Bg2 O-O 10. O-O Re8 11. e3 h6 12. Rac1 Bg4 13. Qc2 Qd7 14. a3 Bxf3
15. Bxf3 Ne7 16. b4 c6 17. a4 a6 18. b5 axb5 19. axb5 Ra3 20. bxc6 bxc6 21. Ra1
Rea8 22. Rxa3 Rxa3 23. Rb1 Qa7 24. Ne2 g6 25. Nf4 Kg7 26. Nd3 Ra2 27. Rb2 Rxb2
28. Qxb2 Ne8 29. Qb4 Qc7 30. Nc5 Nd6 31. Bd1 Nef5 32. Ba4 Nc4 33. Nd3 Nfd6 34.
Bb3 h5 35. Nf4 Qd7 36. Ba4 Ne4 37. Bd1 h4 38. Be2 Ncd6 39. Qe1 Nf5 40. g4 Nfd6
41. f3 Ng5 42. Qxh4 Qe7 43. Qf2 Nc4 44. h4 Nh7 45. Ng2 Qb4 46. Bd3 Qc3 47. Qc2
Qb4 48. Kf2 Nf8 49. Nf4 Na3 50. Qc1 Nd7 51. Be2 Nc4 52. g5 Ndb6 53. Ng2 Qd6 54.
Qh1 Qe7 55. Qh2 Kg8 56. Qg1 Kg7 57. Qc1 Qd6 58. Nf4 Qb4 59. Bd3 Qd6 60. Bc2 Qb4
61. h5 gxh5 62. Nxh5+ Kf8 63. Bd3 Na4 64. Nf4 Nab2 65. g6 Qe7 66. Bxc4 Qh4+ 67.
Kg2 Nxc4 68. gxf7 Kxf7 69. Nh3 Qh6 70. Nf4 Qg5+ 71. Kh2 Qh4+ 72. Nh3 Qh6 73. f4
Qh5 74. Qe1 Nd6 75. Kg2 Nf5 76. Ng5+ Kf6 1/2-1/2

[Event "FIDE Women's Grand Swiss"]
[Site "Samarkand UZB"]
[Date "2025.09.15"]
[Round "11.27"]
[White "Yip, Carissa"]
[Black "Dronavalli, Harika"]
[Result "0-1"]
[WhiteTitle "IM"]
[BlackTitle "GM"]
[WhiteElo "2458"]
[BlackElo "2467"]
[WhiteFideId "2090732"]
[BlackFideId "5015197"]
[EventDate "2025.09.04"]

1. e4 e5 2. Nf3 Nc6 3. Bc4 Nf6 4. d3 Be7 5. a4 a5 6. O-O O-O 7. Re1 d6 8. Nbd2
Be6 9. b3 Nd7 10. Bb2 Bf6 11. Nf1 Nb6 12. Ne3 Nxc4 13. bxc4 g6 14. Nd5 Bg7 15.
Nd2 b6 16. Rf1 f5 17. f4 Qd7 18. Qc1 Rae8 19. Bc3 fxe4 20. fxe5 dxe5 21. dxe4
Nd4 22. Re1 Bh6 23. Qb2 Bxd5 24. exd5 Bxd2 25. Bxd2 Qg4 26. Red1 Ne2+ 27. Kh1
Rf2 0-1